[Event "SLO-ch U12"]
[Site "Murska Sobota"]
[Date "2007.02.27"]
[Round "4"]
[White "Vida, Dorian"]
[Black "Krstic, Aljosa"]
[Result "0-1"]
[WhiteElo "1509"]
[BlackElo "1500"]
[PlyCount "68"]
[EventDate "2007.02.25"]
[EventType "swiss"]
[EventRounds "9"]
[EventCountry "SLO"]
[SourceTitle "CBM 117 Extra"]
[Source "ChessBase"]
[SourceDate "2007.05.09"]
[SourceVersion "1"]
[SourceVersionDate "2007.05.09"]
[SourceQuality "1"]

1. e4 c5 2. f4 Nc6 3. Nf3 d6 4. h4 Nf6 5. d3 g6 6. Be2 Bg7 7. c3 0-0 8. 0-0 a6 9. Be3 Qb6 10. Qc2 Bd7 11. Nbd2 Qc7 12. a3 b6 13. Rab1 Nh5 14. Kh2 Rfe8 15. g4 Nf6 16. Ne1 Qb8 17. Bf3 e6 18. Qd1 d5 19. e5 Nxe5 20. Kg2 Nxf3 21. Ndxf3 Bc6 22. Kg1 Rd8 23. Ne5 Bb7 24. N1f3 Nd7 25. Nxd7 Rxd7 26. Qd2 d4 27. cxd4 cxd4 28. Bxd4 Bxd4+ 29. Nxd4 Rxd4 30. b4 Qd6 31. Rbd1 Rd8 32. Qf2 Rxd3 33. Rxd3 Qxd3 34. Qxb6 Qg3# 0-1

[Event "SLO-ch U12"]
[Site "Murska Sobota"]
[Date "2007.02.26"]
[Round "2"]
[White "Krstic, Aljosa"]
[Black "Gnidovec, Tilen"]
[Result "1-0"]
[WhiteElo "1500"]
[BlackElo "1515"]
[PlyCount "76"]
[EventDate "2007.02.25"]
[EventType "swiss"]
[EventRounds "9"]
[EventCountry "SLO"]
[SourceTitle "CBM 117 Extra"]
[Source "ChessBase"]
[SourceDate "2007.05.09"]
[SourceVersion "1"]
[SourceVersionDate "2007.05.09"]
[SourceQuality "1"]

1. e4 c5 2. Nf3 e6 3. d4 cxd4 4. Nxd4 a6 5. Nc3 b5 6. Be3 Bb7 7. f3 Bd6 8. Bd3 h6 9. Qe2 Nc6 10. 0-0-0 Bc7 11. Kb1 Nf6 12. h3 0-0 13. g4 Nxd4 14. Bxd4 Bf4 15. Be3 Qc7 16. h4 Nh7 17. Rdg1 g6 18. g5 h5 19. Qd2 Be5 20. Ne2 Bg7 21. Bd4 e5 22. Bc3 d6 23. f4 Rad8 24. Qe3 f6 25. Rh2 exf4 26. Nxf4 Bc8 27. Nxg6 Rf7 28. Qe2 d5 29. Rf2 fxg5 30. Ba5 Qd6 31. Bxd8 Qxg6 32. Bxg5 Nxg5 33. Rxg5 Qd6 34. Rxf7 Kxf7 35. Qf2+ Bf6 36. e5 Qc6 37. Qxf6+ Qxf6 38. exf6 Kxf6 1-0